00338 a2200109 4500001001000000005001700010008004100027245005400068100001900122700002400141773006300165ART_3042620260410162004.0260409a 10aImposición del petróleo crudo y sus derivados1 aArtana, Daniel1 aSalinardi, Mario A.0 tBoletín Informativo ASAPg- Nº 10 (oct. 1983)wREV30391